000
00299nam a22001337a 4500
008
181101b xxu||||| |||| 00| 0 eng d
020
_a
0871961415
041
_a
eng
080
_a
370
100
_a
48
101
_a
EDU
245
_a
The Handbook Of Good English
_c
Johnson.ED
942
_2
udc
_c
BK
999
_c
51557
_d
51557